| 000 | 00689nam a2200217 a 4500 | ||
|---|---|---|---|
| 003 | OSt | ||
| 005 | 20130923171050.0 | ||
| 008 | 130923s2002 ag ||||| |||| 00| 0 spa d | ||
| 040 | _cBiblioteca Medicina | ||
| 041 | _aspa | ||
| 082 | _bMINIST. DE SALUD 0323 | ||
| 110 |
_aMInisterio de Salud _92598 |
||
| 245 | 0 | 0 | _aBoletin Epidemiologico Nacional 2002 |
| 250 | _a1ยบ ed | ||
| 260 |
_aBuenos Aires _bMinisterio de Salud de la Nacion _c2002 |
||
| 300 | _a92 p. | ||
| 653 | _aEPIDEMIOLOGIA-BOLETIN | ||
| 653 | _aEPIDEMIOLOGIA-ARGENTINA-2002 | ||
| 942 |
_2ddc _cPH |
||
| 999 |
_c1659 _d1659 |
||
| 952 |
_40 _00 _bBFM _10 _oMINIST. DE SALUD 0323 _d2013-09-23 _tEj. 1 _8NFIC _70 _cCR _2ddc _yPH _aBFM |
||